01841nam a22001817a 450000500170000000800410001702000180005804000070007604100120008308200160009510000190011124500620013026000450019230000260023736500480026352013030031165000450161420260114163120.0260114b |||||||| |||| 00| 0 eng d a9789369891320 cAL aEnglish a158.1bDASY aGaur gopal das aYou can have it allb: Unlock the secrets to a great life aHaryanabHarper collins publishersc2026 a293 p.bPBc20x13 cm. aKSCR-000703b₹c₹d₹e20%f13-01-2026 aMost of us spend our lives chasing our dreams – happiness, love, good health, financial freedom, security and more. But can we really have it all? On a cool November morning, Gaur Gopal Das arrives in Jaisalmer to attend his friend Rakesh Arora’s son’s three-day-long wedding festivities where he meets the Arora clan and the soon-to-be bride’s family. As the wedding day approaches and an unexpected visitor makes an appearance, he observes the storm that threatens to tear apart the two families. In the course of his conversations with his hosts and their guests, through his unassuming presence, he unearths the secret fears and desires they guard fiercely in their hearts and offers them steadying counsel even as he reveals his own journey through life’s vicissitudes. You Can Have It All is Gaur Gopal Das’s most personal and profound narrative yet, a captivating book that presents a transformative and radical path for those of us caught between ambition and fulfilment, between striving and being. Marked by his iconic humour, deep empathy and gentle wisdom, it urges us to understand how perspective shapes our reality, learn to recognize and overcome our blind spots, and develop the self-compassion we need to better navigate this beautiful, complicated thing we call life. aThe voice of wisdom for the modern world